Daft Punk Discography - Statistics

General Stats
  • This quiz has been taken 26 times
  • The average score is 18 of 39
Answer Stats
Year Type Answer % Correct
2001 Studio Album Discovery
82%
1997 Studio Album Homework
82%
2013 Studio Album Random Access Memories
82%
1997 Single Around The World
73%
2005 Studio Album Human After All
73%
2005 Single Human After All
73%
2010 Soundtrack Album Tron: Legacy
73%
1997 Single Da Funk
68%
2013 Single Get Lucky
68%
2007 Live Album Alive 2007
64%
2000 Video Album D.A.F.T.: A Story About Dogs, Androids, Firemen and Tomatoes
64%
2001 Single Harder, Better, Faster, Stronger
64%
2000 Single One More Time
64%
2016 Single I Feel It Coming
59%
2016 Single Starboy
59%
2001 Single Digital Love
55%
2013 Single Instant Crush
55%
2013 Single Lose Yourself To Dance
55%
2005 Single Robot Rock
55%
2001 Single Aerodynamic
50%
2001 Live Album Alive 1997
50%
2005 Single Technologic
50%
2003 Single Face To Face
41%
2014 Single Give Life Back To Music
41%
2003 Single Something About Us
36%
1997 Single Burnin
32%
2003 Remix Album Daft Club
32%
2013 Single Doin' It Right
32%
2003 Video Album Interstella 5555: The 5tory of the 5ecret 5tar 5ystem
32%
2006 Compilation Album Musique Vol. 1 1993–2005
32%
1998 Single Revolution 909
27%
2006 Single The Prime Time Of Your Life
27%
2010 Single Derezzed
23%
2006 Remix Album Human After All: Remixes
18%
1996 Single Indo Silver Club
18%
1994 Single The New Wave
14%
2011 Remix Album Tron: Legacy Reconfigured
14%
2022 Remix Album Homework (Remixes)
9%
2007 Single Harder, Better, Faster, Stronger (Alive 2007)
5%
No matching quizzes found
Score Distribution
Percent of People with Each Score
Percentile by Number Answered
Your Score History
You have not taken this quiz